Guidebook of applied fluvial geomorphology / (رقم التسجيلة. 22024)

تفاصيل مارك
000 -الفاتح
حقل البيانات ثابتة الطول 00969cam a2200301Ia 4500
001 - رقم الضبط
رقم الضبط 496235531
003 - محدد رقم الضبط
رقم الضبط OCoLC
005 - وقت وتاريخ اخر تعامل مع التسجيلة
رقم الضبط 20150408114020.0
008 - عناصر البيانات ثابتة الطول - معلومات عامة
حقل البيانات ثابتة الطول 091203s2010 enkab b 001 0 eng d
015 ## - رقم الببليوجرافية الوطنية
رقم الببليوجرافية الوطنية GBB003607
المصدر bnb
020 ## - الرقم الدولى المعيارى للكتب
الرقم الدولى المعيارى للكتاب 9780727734846 (pbk)
020 ## - الرقم الدولى المعيارى للكتب
الرقم الدولى المعيارى للكتاب 0727734849 (pbk)
035 ## - رقم ضبط النظام
رقم ضبط النظام (OCoLC)496235531
040 ## - مصدر الفهرسة
وكالة الفهرسة الأصلية EQO
وكالة النسخ EQO
وكالة التعديل BWK
-- UKM
-- YDXCP
-- CDX
-- TXH
043 ## - رمز المنطقة الجغرافية
رمز المنطقة الجغرافية e-uk---
050 #4 - رقم طلب مكتبة الكونجرس
رقم التصنيف GB561
رقم المادة .S42 2010
082 0# - رقم تصنيف ديوى العشرى
رقم التصنيف 551.41
100 1# - المدخل الرئيسى - إسم شخصى
الإسم الشخصى Sear, David
الشكل الأكمل للاسم (David A.)
9 (RLIN) 12133
245 10 - بيان العنوان
العنوان Guidebook of applied fluvial geomorphology /
بيان المسئوليه,etc David A. Sear, Malcolm D. Newson and Colin R. Thorne.
260 ## - PUBLICATION, DISTRIBUTION, ETC. (IMPRINT)
مكان الناشر او الموزع London :
اسم الناشر او الموزع Thomas Telford,
تاريخ النشر أو التوزيع c2010.
300 ## - الوصف المادى
التعداد vii, 257 p. :
تفاصيل ماديه اخرى للوعاء ill., maps ;
أبعاد الوعاء 30 cm.
504 ## - تبصرة ببليوجرافية
تبصرة ببليوجرافية,الخ Includes bibliographical references and index.
650 #0 - المدخل الاضافى بالموضوع-مصطلح موضوعى
مصطلح موضوعي أو اسم جغرافي كعنصر مدخل Geomorphology.
650 #0 - المدخل الاضافى بالموضوع-مصطلح موضوعى
مصطلح موضوعي أو اسم جغرافي كعنصر مدخل Fluvial geomorphology.
9 (RLIN) 11995
700 1# - المدخل الاضافى - اسم شخصى
الإسم الشخصى Newson, Malcolm David.
9 (RLIN) 12134
700 1# - المدخل الاضافى - اسم شخصى
الإسم الشخصى Thorne, C. R.
الشكل الأكمل للاسم (Colin R.)
9 (RLIN) 12135
942 ## - عناصر المدخل الإضافي( كوها)
مصدر التصنيف او مخطط الترفيف Dewey Decimal Classification
Koha [default] item type كتاب
المقتنيات
حالة الفقد نموذج السعر الفعال حالة تلف ليس للاعارة رقم الطلب تاريخ الاكتساب الموقع الحالي الباركود الفرع الرئيسي Date last seen نوع المادة فى نظام كوها مصدر التصنيف او خطة الترفيف Total Checkouts
  2013-03-10     551.41 S D G 2012-04-28 المكتبة المركزية بالمجمعة (CL) 00085870 المكتبة المركزية بالمجمعة (CL) 2013-03-10 كتاب Dewey Decimal Classification  
  2013-03-10     551.41 S D G 2012-04-28 المكتبة المركزية بالمجمعة (CL) 00085871 المكتبة المركزية بالمجمعة (CL) 2013-03-10 كتاب Dewey Decimal Classification  
  2013-03-10     551.41 S D G 2012-04-28 المكتبة المركزية بالمجمعة (CL) 00085872 المكتبة المركزية بالمجمعة (CL) 2013-03-10 كتاب Dewey Decimal Classification